| 000 | 00799cam a22002657i 4500 | ||
|---|---|---|---|
| 999 |
_c29387 _d29387 |
||
| 001 | 18771481 | ||
| 005 | 20171205123629.0 | ||
| 008 | 150904s2015 ke 000 1 eng | ||
| 010 | _a 2014321719 | ||
| 020 | _a9789966560230 | ||
| 040 |
_aDLC _beng _cDLC _erda |
||
| 042 | _alcode | ||
| 050 | 0 | 0 | _aMLCS 2015/00746 (P) |
| 100 | 1 | _aKamoche, Ken N. | |
| 245 | 1 | 0 |
_aBlack ghosts / _cKen. N. Kamoche. |
| 300 |
_a397 pages ; _c21 cm. |
||
| 490 | 0 | _aPeak library | |
| 906 |
_a7 _bcbc _corigode _d4 _encip _f20 _gy-gencatlg |
||
| 942 |
_2lcc _cAFRICANA _hPR 9381.9 .K3B52 2013 |
||